| 000 | 07374cam a2200721 i 4500 | ||
|---|---|---|---|
| 001 | on1085967946 | ||
| 003 | OCoLC | ||
| 005 | 20220323005831.0 | ||
| 008 | 190130t20192019enk b 001 0 eng c | ||
| 010 | _a 2018956536 | ||
| 040 |
_aUKMGB _beng _erda _cUKMGB _dOCLCO _dOCLCF _dQGJ _dBOP _dGUL _dEMI _dOCLCO _dDLC _dOCL _dOCLCQ _dOCLCO _dCLU _dPLL _dNLVRD _dYDX _dBDX _dPWQ _dGWL _dOCLCO _dOCL _dOCLCO |
||
| 015 |
_aGBB929124 _2bnb |
||
| 016 | 7 |
_a019251251 _2Uk |
|
| 019 | _a1063761019 | ||
| 020 |
_a9780198814894 _q(hardback) |
||
| 020 |
_a0198814895 _q(hardback) |
||
| 029 | 0 |
_aUKMGB _b019251251 |
|
| 029 | 1 |
_aAU@ _b000065673982 |
|
| 029 | 1 |
_aCHVBK _b575132477 |
|
| 029 | 1 |
_aCHBIS _b011491748 |
|
| 029 | 1 |
_aDKDLA _b800010-katalog:99123531262905763 |
|
| 029 | 1 |
_aNLGGC _b422793418 |
|
| 035 |
_a(OCoLC)1085967946 _z(OCoLC)1063761019 |
||
| 042 | _apcc | ||
| 050 | 4 |
_aKZ6277 _b.S83 2019 |
|
| 082 | 0 | 4 |
_a341.552 _223 |
| 049 | _aTZAA | ||
| 245 | 0 | 4 |
_aThe Statute of the International Court of Justice : _ba commentary / _cedited by Andreas Zimmermann, Christian J. Tams ; in collaboration with Karin Oellers-Frahm, Christian Tomuschat ; assistant editors, Felix Boos, Eleni Methymaki. |
| 250 | _aThird edition. | ||
| 264 | 1 |
_aOxford, United Kingdom ; _aNew York, NY : _bOxford University Press, _c2019. |
|
| 264 | 4 | _c�2019 | |
| 300 |
_alxiii, 1942 pages ; _c26 cm |
||
| 336 |
_atext _btxt _2rdacontent |
||
| 337 |
_aunmediated _bn _2rdamedia |
||
| 338 |
_avolume _bnc _2rdacarrier |
||
| 490 | 1 | _aOxford commentaries on international law | |
| 504 | _aIncludes bibliographical references (pages xxi-xxii) and index. | ||
| 505 | 0 | 0 |
_gGeneral Introduction / _rJudge Peter Tomka -- _tHistorical Introduction / _rOle Spiermann -- _tArticle 2, para. 3 UN Charter / _rDavid D. Caron and Christian Tomuschat -- _tArticle 7 UN Charter / _rVera Gowlland-Debbas and Mathias Forteau -- _tArticle 33 UN Charter / _rDavid D. Caron and Christian Tomuschat -- _tArticle 36 UN Charter / _rThomas Giegerich -- _tArticle 92 UN Charter / _rSimon Chesterman and Karin Oellers-Frahm -- _tArticle 93 UN Charter / _rKarin Oellers-Frahm and Andreas Zimmermann -- _tArticle 94 UN Charter / _rChristian J. Tams -- _tArticle 95 UN Charter / _rJasper Finke -- _tArticle 96 UN Charter / _rPierre d'Argent -- _tArticle 1 / _rSimon Chesterman and Vera Gowlland-Debbas -- _tArticle 2 / _rMariano J. Aznar and Elini Methymaki -- _tArticle 3 / _rMariano J. Aznar and Felix Boos -- _tArticle 4 / _rPatricia Georget -- _tArticle 5 / _rPatricia Georget -- _tArticle 6 / _rPatricia Georget -- _tArticle 7 / _rPatricia Georget -- _tArticle 8 / _rPatricia Georget -- _tArticle 9 / _rBardo Fassbender -- _tArticle 10 / _rBardo Fassbender -- _tArticle 11 / _rBardo Fassbender -- _tArticle 12 / _rBardo Fassbender -- _tArticle 13 / _rJohn Dugard -- _tArticle 14 / _rJohn Dugard -- _tArticle 15 / _rJohn Dugard -- _tArticle 16 / _rPhilippe Couvreur -- _tArticle 17 / _rPhilippe Couvreur -- _tArticle 18 / _rDavid Anderson and Samuel Wordsworth -- _tArticle 19 / _rDavid Anderson and Samuel Wordsworth -- _tArticle 20 / _rDaniel-Erasmus Khan -- _tArticle 21 / _rMalcolm Shaw -- _tArticle 22 / _rMalcolm Shaw -- _tArticle 23 / _rAntoine Ollivier -- _tArticle 24 / _rRobert Jennings and Philippe Couvreur -- _tArticle 25 / _rPaolo Palchetti -- _tArticle 26 / _rPaolo Palchetti -- _tArticle 27 / _rPaolo Palchetti -- _tArticle 28 / _rPaolo Palchetti -- _tArticle 29 / _rPaolo Palchetti -- _tArticle 30 / _rHugh Thirlway -- _tArticle 31 / _rPieter Hendrik Kooijmans and Lusa Bordin -- _tArticle 32 / _rCarlos Esposito -- _tArticle 33 / _rCarlos Esposito -- _tRelationship of the ICJ with Other International Courts and Tribunals / _rGiorgio Gaja -- _tArticle 34 / _rPierre-Marie Dupuy and Cristina Hoss -- _tArticle 35 / _rAndreas Zimmermann -- _tArticle 36 / _rChristian Tomuschat -- _tArticle 37 / _rBruno Simma and Daphne Richemond-Barak -- _tArticle 38 / _rAlain Pellet and Daniel Muller -- _tGeneral Principles of Procedural Law / _rRobert Kolb -- _tArticle 39 / _rMarcelo G. Kohen -- _tArticle 40 / _rSienho Yee -- _tCounter-Claims Article 80 of the Rules / _rSean D. Murphy -- _tArticle 41 / _rKarin Oellers-Frahm and Andreas Zimmermann -- _tArticle 42 / _rSir Franklin Berman and Gleider Hernandez -- _tArticle 43 / _rKubo Macak Article 44 / _rChristian Walter -- _tArticle 45 / _rSienho Yee -- _tArticle 46 / _rSabine von Schorlemer and Antonios Tzanakopoulos -- _tArticle 47 / _rSabine von Schorlemer and Antonios Tzanakopoulos -- _tArticle 48 / _rSantiago Torres Bernardez and Makane Moise Mbengue -- _tEvidentiary Issues / _rMarkus Benzing -- _tArticle 49 / _rChristian J. Tams and James Devaney -- _tArticle 50 / _rChristian J. Tams and James Devaney -- _tArticle 51 / _rChristian J. Tams -- _tArticle 52 / _rChristian J. Tams -- _tArticle 53 / _rHans von Mangoldt and Andreas Zimmermann -- _tArticle 54 / _rBardo Fassbender -- _tArticle 55 / _rBardo Fassbender -- _tArticle 56 / _rLori F. Damrosch -- _t-- _tArticle 57 / _rRainer Hofmann and Daniel-Erasmus Khan -- _tArticle 58 / _rDaniel-Erasmus Khan -- _tArticle 59 / _rChester Brown -- _tDiscontinuance and Withdrawal / _rGerhard Wegen -- _tArticle 60 / _rAndreas Zimmermann and Tobias Thienel -- _tArticle 61 / _rAndreas Zimmermann and Robin Geiss -- _tArticle 62 / _rAlina Miron and Christine Chinkin -- _tArticle 63 / _rAlina Miron and Christine Chinkin -- _tArticle 64 / _rCarlos Esposito -- _tArticle 65 / _rPierre d'Argent Article 66 / _rAndreas Paulus -- _tArticle 67 / _rAndreas Paulus -- _tArticle 68 / _rJean-Pierre Cot and Stephan Wittich -- _tArticle 69 / _rWolfram Karl -- _tArticle 70 / _rWolfram Karl |
| 520 | _aThis comprehensive commentary on the Statute of the International Court of Justice analyses in detail: the Statute of the Court, the related provisions of the United Nations Charter, and the Court's rules of procedure. The commentary provides a comprehensive overview and analysis of all legal questions and issues the Court has had to address in the past, and looks forward to those it will have to address in the future. It illuminates the central issues of procedure and substance that the Court and counsel appearing before it face in their day-to-day work. | ||
| 610 | 2 | 0 |
_aInternational Court of Justice. _tStatute. |
| 610 | 2 | 0 | _aInternational Court of Justice. |
| 650 | 0 | _aInternational courts. | |
| 650 | 0 |
_aInternational law _vCases. |
|
| 610 | 2 | 7 |
_aInternational Court of Justice. _2fast _0(OCoLC)fst00537128 |
| 630 | 0 | 7 |
_aStatute (International Court of Justice) _2fast _0(OCoLC)fst01367755 |
| 650 | 7 |
_aInternational law. _2fast _0(OCoLC)fst00976984 |
|
| 650 | 7 |
_aInternational courts. _2fast _0(OCoLC)fst00976874 |
|
| 655 | 7 |
_aTrials, litigation, etc. _2fast _0(OCoLC)fst01423712 |
|
| 655 | 7 |
_aLaw commentaries. _2fast _0(OCoLC)fst01774248 |
|
| 655 | 7 |
_aLaw commentaries. _2lcgft |
|
| 700 | 1 |
_aZimmermann, Andreas, _eeditor. _915443 |
|
| 700 | 1 |
_aTams, Christian J., _eeditor. |
|
| 700 | 1 |
_aOellers-Frahm, Karin, _d1942- _eeditor. |
|
| 700 | 1 |
_aTomuschat, Christian, _eeditor. |
|
| 700 | 1 |
_aBoos, Felix, _eeditor. |
|
| 700 | 1 |
_aMethymaki, Eleni, _eeditor. |
|
| 710 | 2 | _aInternational Court of Justice. | |
| 775 | 0 | 8 |
_iRevision of: _tStatute of the International Court of Justice. _bSecond edition. _dOxford, United Kingdom : Oxford University Press, 2012 _z9780199692996 _w(DLC) 2012474056 _w(OCoLC)796276450 |
| 830 | 0 | _aOxford commentaries on international law. | |
| 938 |
_aBrodart _bBROD _n124283055 |
||
| 938 |
_aYBP Library Services _bYANK _n15824338 |
||
| 994 |
_aC0 _bTZACH |
||
| 999 |
_c6646 _d6646 |
||